[Event "Paracin Summer op"]
[Site "Paracin"]
[Date "2020.07.07"]
[Round "5"]
[White "Jancic, Radomir"]
[Black "Mitev, Valentin"]
[Result "0-1"]
[WhiteElo "1966"]
[BlackElo "2240"]
[PlyCount "62"]
[EventDate "2020.07.03"]
[EventType "swiss"]
[EventRounds "9"]
[EventCountry "SRB"]
[SourceTitle "CBM 197 Extra"]
[Source "ChessBase"]
[SourceDate "2020.09.30"]
[SourceVersion "1"]
[SourceVersionDate "2020.09.30"]
[SourceQuality "1"]

1. Nf3 d5 2. d4 Nf6 3. c4 dxc4 4. Nc3 a6 5. a4 Nc6 6. e4 Bg4 7. Be3 Na5 8. Be2 e6 9. 0-0 Bb4 10. Qc2 0-0 11. Rad1 c6 12. Bg5 h6 13. Bh4 Be7 14. Bxf6 Bxf6 15. e5 Be7 16. h3 Bf5 17. Ne4 Qd5 18. Nfd2 Qxd4 19. Bf3 Qxe5 20. Nxc4 Nxc4 21. Qxc4 Rfd8 22. Ng3 Bg6 23. Qb3 Qc7 24. Rfe1 Rxd1 25. Rxd1 Rd8 26. Rc1 Qa5 27. Rd1 Rxd1+ 28. Qxd1 Qd8 29. Qb3 Qd7 30. Qc4 Qd3 31. Qg4 Qb1+ 0-1

[Event "Paracin Summer op"]
[Site "Paracin"]
[Date "2020.07.04"]
[Round "2"]
[White "Ivanovic, Marko"]
[Black "Jancic, Radomir"]
[Result "1/2-1/2"]
[WhiteElo "2267"]
[BlackElo "1966"]
[PlyCount "98"]
[EventDate "2020.07.03"]
[EventType "swiss"]
[EventRounds "9"]
[EventCountry "SRB"]
[SourceTitle "CBM 197 Extra"]
[Source "ChessBase"]
[SourceDate "2020.09.30"]
[SourceVersion "1"]
[SourceVersionDate "2020.09.30"]
[SourceQuality "1"]

1. d4 Nf6 2. Bf4 e6 3. e3 b6 4. Nf3 Bb7 5. Nbd2 d6 6. Bd3 Be7 7. 0-0 Nbd7 8. e4 Nh5 9. Be3 Nhf6 10. Qe2 0-0 11. Rad1 e5 12. dxe5 Nxe5 13. Nxe5 dxe5 14. Nc4 Nd7 15. f4 Bf6 16. g4 exf4 17. e5 f3 18. Rxf3 Bxf3 19. Qxf3 Bg5 20. Bf5 Nxe5 21. Bxh7+ Kh8 22. Nxe5 Bxe3+ 23. Kg2 Qf6 24. Qxe3 Kxh7 25. Qe4+ Kg8 26. Nd7 Qxb2 27. Nxf8 Rxf8 28. a4 a5 29. g5 Qc3 30. h4 Qb4 31. Rd4 Qc5 32. Rd5 Qc6 33. c4 Re8 34. Qf4 Qxa4 35. Rd2 Qc6+ 36. Kg3 a4 37. h5 Qe6 38. Kf3 Qh3+ 39. Kf2 Qe6 40. h6 Qe1+ 41. Kg2 Re2+ 42. Rxe2 Qxe2+ 43. Kg3 Qd3+ 44. Kg2 Qd6 45. Qe4 Qd2+ 46. Kf3 Qd7 47. hxg7 Kxg7 48. Kf4 Qd6+ 49. Kf3 Qd1+ 1/2-1/2